| 000 | 00960nam a2200301Ia 4500 | ||
|---|---|---|---|
| 001 | dia_1294 | ||
| 003 | CHAP | ||
| 005 | 20230126115815.0 | ||
| 008 | 220117s1975 xx 000 0 und d | ||
| 010 | _a171832 | ||
| 040 | _cCHAP | ||
| 082 | _a574.19121 L44 1975 | ||
| 100 |
_aLehninger, Albert L. _965883 |
||
| 245 |
_aBioenergética : la base molecular de las transformaciones biológicas de energía / _c traduccion Vicente Conejero Tomás |
||
| 260 |
_aMéxico : _b Fondo Educativo Interamericano, _c1975 |
||
| 300 | _ax, 242 p. | ||
| 500 | _aTítulo original: Bioenergetics | ||
| 503 | _aC/e | ||
| 504 | _aBibliografía: p. 229-230 | ||
| 590 | _aQH511 L44 1975 | ||
| 650 |
_aBioenergética _912730 |
||
| 650 |
_aBioenergetics _9150445 |
||
| 700 |
_aConejero Tomás, Vicente, tr. _9150446 |
||
| 901 | _a574.19121 L44 1975 | ||
| 902 | _aM | ||
| 905 | _a5232271975 MX admn8222223322SPA16 | ||
| 942 |
_cLIBRO _2ddc |
||
| 999 |
_c171832 _d171832 |
||